| 000 | 00761nam a22002177a 4500 | ||
|---|---|---|---|
| 005 | 20240530110603.0 | ||
| 008 | 161015s2013 ua a a 000 j ara d | ||
| 017 |
_a2013/14235 _bمصر. دار الكتب |
||
| 020 | _a9789774488780 | ||
| 040 |
_aEG-CaGPL _cEG-CaGPL |
||
| 082 | 0 | 4 |
_221 _a813.02 _bط/أ ك |
| 100 | 0 | _aاحمد توفيق . | |
| 245 | 1 | 0 |
_aكتاب الحواديت : _bموسوعة حكايات الطفل فى مصر / _cاحمد توفيق . |
| 250 | _aط1. | ||
| 260 |
_aالقاهرة : _bالهيئة المصرية العامة للكتاب ، _c2013 . |
||
| 300 |
_a4 ج ؛ _c24 سم . |
||
| 650 | 0 | 4 |
_2qrmak _aقصص الاطفال . |
| 650 | 0 | 4 |
_2qrmak _aثقافة الطفل . |
| 942 |
_2ddc _cBK |
||
| 999 |
_c62696 _d62696 |
||